| 000 | 00000nam##2200000za#4500 |
| 001 | 9.607889 |
| 003 | CaOODSP |
| 005 | 20230801131726 |
| 007 | cr ||||||||||| |
| 008 | 150406|2010||||xxc|||||o f|0| 0 fre|d |
| 040 | |aCaOODSP|bfre |
| 043 | |an-cn--- |
| 086 | 1 |aPS83-5/R232F-PDF |
| 110 | 2 |aService correctionnel Canada. |bDirection de la recherche. |
| 245 | 10|aÉvaluation de l'incidence des activités renforcées de lutte contre la drogue au Pénitencier de Kingston : |h[ressource électronique]|bétude pilote / |cPréparé par : Sara Johnson et Madelon Cheverie. |
| 260 | |aOttawa - Ontario : |bService correctionnel Canada. |cDécembre 2010. |
| 300 | |a1p. |
| 490 | 1 |aRecherche en un coup d'oeil|vR-232 |
| 590 | |a14-19-Supp|b2014-11-03 |
| 775 | 08|tAssessing the impact of enhanced drug interdiction activities at Kingston penitentiary : |w(CaOODSP)9.581002 |
| 830 | #0|aRecherche en un coup d'œil (Service correctionnel Canada)|vR-232|w(CaOODSP)9.503037 |
| 856 | 40|ahttp://publications.gc.ca|qPDF|s89 Ko|uhttps://publications.gc.ca/collections/collection_2014/scc-csc/PS83-5-R232-fra.pdf|yR-232 |